<?xml version="1.0" encoding="UTF-8" ?>
<collection xmlns="http://www.loc.gov/MARC21/slim"><record><leader>01363nam a2200289 nc4500</leader><controlfield tag="001">45276</controlfield><controlfield tag="003">CH-000273-5</controlfield><controlfield tag="005">20180423132636.0</controlfield><datafield tag="035" ind1=" " ind2=" "><subfield code="a">(OCoLC)906900559</subfield></datafield><datafield tag="040" ind1=" " ind2=" "><subfield code="a">CH-000273-5</subfield><subfield code="b">ger</subfield><subfield code="e">rda</subfield></datafield><datafield tag="041" ind1=" " ind2=" "><subfield code="a">ger</subfield></datafield><datafield tag="245" ind1="0" ind2="0"><subfield code="a">Japanische Holzschnitte</subfield><subfield code="b">Harunobu bis Hiroshige : Ausstellung im Kunsthaus Zürich veranstaltet von der Vereinigung für zeichnende Kunst in Zürich 1928</subfield><subfield code="c">Katalog mit Einführung von Dr. Julius Kurth</subfield></datafield><datafield tag="264" ind1="0" ind2="1"><subfield code="a">[Zürich]</subfield><subfield code="b">[Kunsthaus Zürich]</subfield><subfield code="c">[1928]</subfield></datafield><datafield tag="300" ind1=" " ind2=" "><subfield code="a">IX, 76 Seiten, XXXIII Tafeln</subfield><subfield code="b">Illustrationen</subfield><subfield code="c">20 cm</subfield><subfield code="e">Nachtrag zum Katalog, Seiten 70 - 76</subfield></datafield><datafield tag="336" ind1=" " ind2=" "><subfield code="a">Text</subfield><subfield code="b">txt</subfield><subfield code="2">rdacontent</subfield></datafield><datafield tag="336" ind1=" " ind2=" "><subfield code="a">unbewegtes Bild</subfield><subfield code="b">sti</subfield><subfield code="2">rdacontent</subfield></datafield><datafield tag="337" ind1=" " ind2=" "><subfield code="a">ohne Hilfsmittel zu benutzen</subfield><subfield code="b">n</subfield><subfield code="2">rdamedia</subfield></datafield><datafield tag="338" ind1=" " ind2=" "><subfield code="a">Band</subfield><subfield code="b">nc</subfield><subfield code="2">rdacarrier</subfield></datafield><datafield tag="651" ind1="0" ind2="7"><subfield code="a">Japan</subfield><subfield code="x">Holzschnitt</subfield><subfield code="y">Geschichte 1750-1850</subfield><subfield code="2">gnd</subfield></datafield><datafield tag="655" ind1="0" ind2="7"><subfield code="a">Ausstellungskatalog</subfield><subfield code="x">Kunsthaus Zürich</subfield><subfield code="y">10.1928-12.1928</subfield><subfield code="z">Zürich</subfield><subfield code="2">gnd-content</subfield></datafield><datafield tag="655" ind1="0" ind2="7"><subfield code="a">Bildband</subfield><subfield code="2">gnd-content</subfield></datafield><datafield tag="700" ind1="1" ind2="0"><subfield code="0">(DE-588)116623845</subfield><subfield code="a">Kurth, Julius</subfield><subfield code="d">1870-1949</subfield><subfield code="e">Verfasser einer Einleitung</subfield></datafield><datafield tag="700" ind1="1" ind2="0"><subfield code="4">win</subfield></datafield><datafield tag="710" ind1="2" ind2="0"><subfield code="a">Kunsthaus Zürich</subfield><subfield code="e">Gastgebende Institution</subfield><subfield code="4">his</subfield></datafield><datafield tag="710" ind1="2" ind2="0"><subfield code="a">Vereinigung für Zeichnende Kunst</subfield><subfield code="g">Zürich</subfield><subfield code="0">(DE-588)16262815-8</subfield><subfield code="e">Veranstalter</subfield><subfield code="4">orm</subfield></datafield><datafield tag="852" ind1="4" ind2="0"><subfield code="a">CH-000273-5</subfield><subfield code="c">a3/Z 80:192810</subfield></datafield><datafield tag="856" ind1="4" ind2="1"><subfield code="u">https://digital.kunsthaus.ch:443/viewer/image/45276/1/</subfield><subfield code="y">Kunsthaus Zürich Sammlungen online</subfield></datafield></record></collection>